000 00582nam a22002177a 4500
001 00028702
005 20260406092731.0
008 260406b ag ||||| |||| 00| 0 spa d
020 _a847640073
040 _aAR-CcCEOS
_bspa
_cAR-CcCEOS
041 _aspa
080 _a82(100)-09
090 _bALO t.1
100 1 _aAlonso, Martín
_91016
245 _aHistoria de la Literatura Mundial :
_bTomo I /
_cMartin Alonso
264 _aMadrid :
_bEdaf,
_cc1966.
300 _a590 p. ;
_c24x15 cm.
490 _vTomo I
650 0 _ahistoria
_990
_vliteratura
942 _2udc
_cBK
_n0
999 _c28735
_d28735